Statistics for Top 2020 mlb players(postseason included)

Click here to take the quiz!

General Stats

  • This quiz has been taken 29 times
    (26 since last reset)
  • The average score is 57 of 100

Answer Stats

HintAnswer% Correct
Dodgers RFBetts
100%
Angels CFTrout
100%
Yankees SPCole
95%
Mets SPDegrom
95%
Braves 1BFreeman
95%
White Sox 1BAbreu
90%
Angels 3BRendon
90%
Nationals SPScherzer
90%
Nationals OFSoto
90%
Braves CFAcuna
85%
Indians SPBieber
85%
Padres SSTatis
85%
Dodgers CFBellinger
80%
Phillies RFHarper
80%
Yankees RFJudge
80%
Padres 3BMachado
80%
Dodgers SS | Mariners 3BSeager
80%
Dodgers 3B | Nationals SSTurner
80%
Astros SPVerlander
80%
Braves SP | Rays CP | White Sox SSAnderson
75%
Rockies 3BArenado
75%
Reds SPBauer
75%
Brewers RPHader
75%
Dodgers SPKershaw
75%
Indians 3BRamirez
75%
Yankees RF/DHStanton
75%
Nationals SPStrasburg
75%
Dodgers SPBeuhler
70%
Astros SSCorrea
70%
Red Sox 3BDevers
70%
Indians SSlindor
70%
Diamondbacks 2B | Marlins CFMarte
70%
Rockies SSStory
70%
Braves 2BAlbies
65%
Cubs SSBaez
65%
Rockies CFBlackmon
65%
A's 3B | Yankees RPChapman
65%
Cubs SPDarvish
65%
Dodgers CPJansen
65%
Royals 2BMerrifield
65%
Phillies CRealmuto
65%
Braves RPMartin
60%
Red Sox DHMartinez
60%
Dodgers 1BMuncy
60%
Phillies SPNola
60%
Royals CPerez
60%
Dodgers C | Mets 1BSmith
60%
Yankees 2BTorres
60%
Brewers LFYelich
60%
Astros 2BAltuve
55%
Red Sox SSBogaerts
55%
Twins CFBuxton
55%
Twins DHCruz
55%
Twins 3BDonaldson
55%
Braves SPFried
55%
Cardinals 1BGoldschmidt
55%
Padres RFMyers
55%
Red Sox SPSale
55%
Rays SPSnell
55%
Yankees 1BVoit
55%
Reds SPGray
50%
Blue Jays RFHernandez
50%
Reds 3BSuarez
50%
Angels 2BFletcher
45%
Brewers CPWilliams
45%
Brewers CFCain
40%
Reds RFCastellanos
40%
Royals DHSoler
40%
Mets 2BCano
35%
Mets RFConforto
35%
Twins RFKepler
35%
Mets 2BMcNeil
35%
Rays SPMorton
35%
Braves CD'Arnaud
30%
Padres 1BHosmer
30%
Rays 2BLowe
30%
Twins SPMaeda
30%
Astros RPValdez
30%
Rays SPGlasnow
25%
Orioles SS | Reds RPIglesias
25%
Mariners CFLewis
25%
Indians DHReyes
25%
Red Sox RFVerdugo
25%
Astros SPGrienke
15%
Padres SPLamet
15%
Mets RPLugo
15%
Giants RFYastremski
15%
Astros DHAlverez
10%
Rays LFArozerena
10%
Yankees 2BLemaheiu
10%
Twins RPRogers
10%
Reds DHWinkler
5%

Score Distribution

Percentile by Number Answered

Percent of People with Each Score

Your Score History

You have not taken this quiz since the last reset